Wie das Ich zum Selbst findet: C.G. Jungs Verständnis der Individuation
| Main Author: | |
|---|---|
| Format: | Print Article |
| Language: | German |
| Check availability: | HBZ Gateway |
| Interlibrary Loan: | Interlibrary Loan for the Fachinformationsdienste (Specialized Information Services in Germany) |
| Published: |
2008
|
| In: |
Deutsches Pfarrerblatt
Year: 2008, Volume: 108, Issue: 12, Pages: 649-650, 654-656 |
| Standardized Subjects / Keyword chains: | B
Jung, C. G. 1875-1961
/ Individuation
/ Depth psychology
|
| RelBib Classification: | ZD Psychology |
MARC
| LEADER | 00000caa a2200000 c 4500 | ||
|---|---|---|---|
| 001 | 1646482980 | ||
| 003 | DE-627 | ||
| 005 | 20220616124922.0 | ||
| 007 | tu | ||
| 008 | 160405s2008 xx ||||| 00| ||ger c | ||
| 035 | |a (DE-627)1646482980 | ||
| 035 | |a (DE-576)467229449 | ||
| 035 | |a (DE-599)BSZ467229449 | ||
| 040 | |a DE-627 |b ger |c DE-627 |e rakwb | ||
| 041 | |a ger | ||
| 084 | |a 1 |2 ssgn | ||
| 100 | 1 | |a Schmidt-Kirchner, Manfred |4 aut | |
| 245 | 1 | 0 | |a Wie das Ich zum Selbst findet |b C.G. Jungs Verständnis der Individuation |
| 264 | 1 | |c 2008 | |
| 336 | |a Text |b txt |2 rdacontent | ||
| 337 | |a ohne Hilfsmittel zu benutzen |b n |2 rdamedia | ||
| 338 | |a Band |b nc |2 rdacarrier | ||
| 652 | |a ZD | ||
| 689 | 0 | 0 | |d p |0 (DE-588)118558749 |0 (DE-627)133783820 |0 (DE-576)208980423 |2 gnd |a Jung, C. G. |d 1875-1961 |
| 689 | 0 | 1 | |d s |0 (DE-588)4026749-0 |0 (DE-627)106287192 |0 (DE-576)208967761 |2 gnd |a Individuation |
| 689 | 0 | 2 | |d s |0 (DE-588)4060055-5 |0 (DE-627)106141015 |0 (DE-576)209133600 |2 gnd |a Tiefenpsychologie |
| 689 | 0 | |5 (DE-627) | |
| 773 | 0 | 8 | |i In |t Deutsches Pfarrerblatt |d Speyer : Verlagshaus Speyer, 1897 |g 108(2008), 12, Seite 649-650, 654-656 |w (DE-627)129304018 |w (DE-600)123761-5 |w (DE-576)014498685 |x 0939-9771 |7 nnas |
| 773 | 1 | 8 | |g volume:108 |g year:2008 |g number:12 |g pages:649-650, 654-656 |
| 935 | |a mteo | ||
| 951 | |a AR | ||
| ELC | |b 1 | ||
| ITA | |a 1 |t 1 | ||
| LOK | |0 000 xxxxxcx a22 zn 4500 | ||
| LOK | |0 001 3318816523 | ||
| LOK | |0 003 DE-627 | ||
| LOK | |0 004 1646482980 | ||
| LOK | |0 005 20160405154852 | ||
| LOK | |0 008 160404||||||||||||||||ger||||||| | ||
| LOK | |0 040 |a DE-Tue135 |c DE-627 |d DE-Tue135 | ||
| LOK | |0 092 |o n | ||
| LOK | |0 852 |a DE-Tue135 | ||
| LOK | |0 852 1 |9 00 | ||
| LOK | |0 935 |a ixzs |a ixmi | ||
| LOK | |0 936ln |0 1442053747 |a ZD | ||
| LOK | |0 939 |a 04-04-16 |b l01 | ||
| ORI | |a SA-MARC-ixtheoa001.raw | ||
| REL | |a 1 | ||
| STA | 0 | 0 | |a Depth psychology,Tiefenpsychologie,Psychoanalytic theory,Analytic psychology,Individuation,Individuation,Separation-individuation |
| STB | 0 | 0 | |a Individuation,Individuation,Séparation-individuation,Psychologie des profondeurs |
| STC | 0 | 0 | |a Individuación,Individuación,Psicología profunda |
| STD | 0 | 0 | |a Individuazione,Individuazione,Psicologia del profondo |
| STE | 0 | 0 | |a 个性化,个体化,个别化,深层心理学,深蕴心理学 |
| STF | 0 | 0 | |a 個性化,個體化,個別化,深層心理學,深蘊心理學 |
| STG | 0 | 0 | |a Individuação,Individuação,Psicologia profunda |
| STH | 0 | 0 | |a Глубинная психология,Индивидуация (философия),Индивидуация |
| STI | 0 | 0 | |a Εξατομίκευση (φιλοσοφία),Εξατομίκευση,Ατομικότητα,Ψυχολογία του βάθους |
| SUB | |a REL | ||
| SYG | 0 | 0 | |a Jung, C.G.,1875-1961,Jung, Carl Gustav,1875-1961,Jung, Carl-Gustav,1875-1961,Jung, Carl-Gustave,1875-1961,Jung, Carl Gustaw,1875-1961,Jung, Carl G.,1875-1961,Jung, Carolus Gustavus,1875-1961,Jung, Carl G.,1875-1961,Jung, Carl,1875-1961,Jung, K. G.,1875-1961,Jung, K.G.,1875-1961,Jung, Karl Gustav,1875-1961,Jung, Karl-Gustav,1875-1961,Jung, Karl Gustaf,1875-1961,Jung, Karl G.,1875-1961,Jung, Karl,1875-1961,Gioungk, K. G.,1875-1961,Gioungk, K.G.,1875-1961,Giunnk, Karl Gkustaph,1875-1961,Iungi, Karl Gustav,1875-1961,Kaer Gusitafu Rongge,1875-1961,Rongge, K. G.,1875-1961,Rongge, K.G.,1875-1961,Rongge, Kaer Gusitafu,1875-1961,Kaer Rongge,1875-1961,Rongge,1875-1961,Yung, K. G.,1875-1961,Yung, K.G.,1875-1961,Yūnġ, Kārl Ġustāf,1875-1961,Yūng, Kārl Gūstaw,1875-1961,Yûng, Qarl Gûsṭav,1875-1961,Yung,1875-1961,Yungu, C. G.,1875-1961,Yungu, C.G.,1875-1961,Yungu, Kāru Gusutafu,1875-1961,Yungu,1875-1961,Yung, C. G.,1875-1961,C.G. Yung,1875-1961,Kal Gu seu ta peu Yung,1875-1961,Yung, Kal Gu seu ta peu,1875-1961 , Selbstwerdung |



